000
00277nam a22001337a 4500
008
190205b xxu||||| |||| 00| 0 eng d
041
_a
eng
080
_a
004
082
_a
004
100
_a
28
101
_a
SHK
245
_a
Sigma Plot
_c
Tuerk M. Thomas
942
_2
udc
_c
BK
999
_c
53987
_d
53987